|
|
|
|
| LEADER |
01633nam a2200409 a 4500 |
| 001 |
EBC3338903 |
| 003 |
MiAaPQ |
| 005 |
20200520144314.0 |
| 006 |
m o d | |
| 007 |
cr cn||||||||| |
| 008 |
080207s2008 maua sb 001 0 eng |
| 010 |
|
|
|z 2008005535
|
| 020 |
|
|
|z 9780262062817 (hardcover : alk. paper)
|
| 035 |
|
|
|a (MiAaPQ)EBC3338903
|
| 035 |
|
|
|a (Au-PeEL)EBL3338903
|
| 035 |
|
|
|a (CaPaEBR)ebr10235151
|
| 035 |
|
|
|a (OCoLC)244796557
|
| 040 |
|
|
|a MiAaPQ
|c MiAaPQ
|d MiAaPQ
|
| 043 |
|
|
|a n-us---
|
| 050 |
|
4 |
|a HD2358.5.U6
|b F35 2008
|
| 082 |
0 |
4 |
|a 338.6/420890973
|2 22
|
| 100 |
1 |
|
|a Fairlie, Robert W.
|
| 245 |
1 |
0 |
|a Race and entrepreneurial success
|h [electronic resource] :
|b Black-, Asian-, and white-owned businesses in the United States /
|c Robert W. Fairlie and Alicia M. Robb.
|
| 260 |
|
|
|a Cambridge, Mass. :
|b MIT Press,
|c c2008.
|
| 300 |
|
|
|a x, 240 p. :
|b ill.
|
| 504 |
|
|
|a Includes bibliographical references (p. [215-230) and index.
|
| 533 |
|
|
|a Electronic reproduction. Ann Arbor, MI : ProQuest, 2015. Available via World Wide Web. Access may be limited to ProQuest affiliated libraries.
|
| 650 |
|
0 |
|a Minority business enterprises
|z United States.
|
| 650 |
|
0 |
|a African American business enterprises.
|
| 650 |
|
0 |
|a Asian American business enterprises.
|
| 650 |
|
0 |
|a Entrepreneurship
|z United States.
|
| 650 |
|
0 |
|a Small business
|z United States.
|
| 650 |
|
0 |
|a Success in business
|z United States.
|
| 655 |
|
4 |
|a Electronic books.
|
| 700 |
1 |
|
|a Robb, Alicia M.
|
| 710 |
2 |
|
|a ProQuest (Firm)
|
| 856 |
4 |
0 |
|u https://ebookcentral.proquest.com/lib/matrademy/detail.action?docID=3338903
|z Click to View
|